| 000 | 00485nam a22001817a 4500 | ||
|---|---|---|---|
| 005 | 20241221102355.0 | ||
| 008 | 241221b ||||| |||| 00| 0 eng d | ||
| 040 | _cAL | ||
| 041 | _aEnglish | ||
| 082 |
_223 _a348.04 _bEASS |
||
| 100 |
_aEastern Book Company _9191781 |
||
| 245 | _aSupreme Court Cases 1997: Vol 7 | ||
| 260 |
_aLucknow _bEastern Book Company _c2016 |
||
| 300 | _bHB | ||
| 650 |
_aLaw _9191782 |
||
| 650 |
_aMode of Citation(1997) 7 SCC _9191783 |
||
| 942 |
_2ddc _cBI |
||
| 999 |
_c233306 _d233306 |
||